000 00382nam a22001457a 4500
999 _c193497
_d193497
008 221101b ||||| |||| 00| 0 eng d
082 _a921-MOON
100 _aMOON,VASANT
245 _aDR. BABASHAHEB AMBEDKAR
_hENGLISH
260 _aNEW DLEHI
_bA.I.C.B
_cROHINI
270 _aA.I.C.B ROHINI,NEW DELHI
300 _a.
_b.
_c12X13
490 _v1-3
942 _2ddc
_cBRLEN
_k921
_mMOON